000 00922 a2200217 4500
001 sjds
003 sjds
005 20240802190801.0
008 240802b |||||||| |||| 00| 0 spa d
020 _a9780974199276
040 _csjds
041 _aspa
100 _aCooper, Lynn Huggins
245 _aInvasores extraterrestres =
_bAlien invaders /
_c
246 _aAlien invaders
260 _aMcHenry, IL :
_bRaven Tree Press,
_c[2008], c2005.
300 _a32 pages :
_bcolor illustrations ;
_c28 cm
500 _aSummary : A boy describes the strange creatures that live in his garden, which his mother says are just bugs, but that he thinks may be invaders from another world.
700 _aLeick, Bonnis
942 _cBK
999 _c12928
_d12928